Statistiche per Primi 15 paesi interessati da Covid-19 - 13 apr 2021

Clicka qui per fare il quiz!

Statistiche generali

  • Questo quiz è stato fatto 3 volte
  • Il punteggio medio è 13 su 28

Statistiche sulle risposte

paese% Corretto
Francia
100%
Germania
100%
Italia
100%
Regno Unito
100%
Spagna
100%
Argentina
67%
Brasile
67%
India
67%
Messico
67%
Polonia
67%
Portogallo
67%
Russia
67%
Stati Uniti
67%
Belgio
33%
Cechia
33%
Colombia
33%
Iran
33%
Israele
33%
Paesi Bassi
33%
Panama
33%
Svezia
33%
Ungheria
33%
Bahrain
0%
Estonia
0%
Lituania
0%
Serbia
0%
Slovenia
0%
Turchia
0%

Distribuzione punteggi

Percentile per numero di risposta

Percentuale di utenti per punteggio

I tuoi punteggi nel tempo

Non hai fatto questo quiz